| 000 | 00539nmm a2200169Ia 4500 | ||
|---|---|---|---|
| 008 | 251105s9999||||xx |||||||||||||||||und|| | ||
| 020 | _a8479086084 | ||
| 041 | _aspa | ||
| 100 | _aRíos Carratalá, Juan A. | ||
| 245 | 0 |
_aCómicos ante el espejo. : _b Los actores españoles y sus memorias |
|
| 264 |
_a[Madrid, España] : _bPublicaciones de la Universidad de Alicante, _c2001 |
||
| 300 | _a192 páginas | ||
| 490 | _aMG Monografías | ||
| 650 | _aFilm studies | ||
| 856 | _uhttps://public.digitaliapublishing.com/a/584 | ||
| 942 | _cCF | ||
| 999 |
_c73555 _d73555 |
||